000
00299nam a22001217a 4500
008
160524b xxu||||| |||| 00| 0 eng d
020
_a
9780131717626
020
_a
0131717626
041
_a
eng
080
_a
618.2
245
_a
Legal ethical issues in nursing:
_c
Ginny Wacker Guido;
942
_2
udc
_c
BK
999
_c
2420
_d
2420